Vinimos para quedarnos: la participación de actores étnicos en el poder y lo comunitario en el diseño de políticas alternativas para superar la pobreza: el caso de Bolivia /
El siguiente artículo pretende mostrar a los actores étnico-culturales como uno de los protagonistas centrales de las transformaciones que Bolivia atraviesa y en las que el componente "comunitario" es transversal en las políticas contra-hegemónicas diferentes al modelo neoliberal.
Sparad:
| Huvudupphovsman: | |
|---|---|
| Materialtyp: | Text |
| Ämnen: | |
| Taggar: |
Lägg till en tagg
Inga taggar, Lägg till första taggen!
|
MARC
| LEADER | 00000 a a2200000 04500 | ||
|---|---|---|---|
| 001 | 44673 | ||
| 003 | |||
| 040 | |||
| 100 | |a Canedo Vásquez, Gabriela | ||
| 245 | |a Vinimos para quedarnos: |b la participación de actores étnicos en el poder y lo comunitario en el diseño de políticas alternativas para superar la pobreza: el caso de Bolivia / |c Gabriela Canedo Vásquez | ||
| 520 | |a El siguiente artículo pretende mostrar a los actores étnico-culturales como uno de los protagonistas centrales de las transformaciones que Bolivia atraviesa y en las que el componente "comunitario" es transversal en las políticas contra-hegemónicas diferentes al modelo neoliberal. | ||
| 590 | |a RRH/ENERO2014 | ||
| 650 | |a 1.PARTICIPACION SOCIAL | ||
| 650 | |a 2.GRUPOS ETNICOS | ||
| 650 | |a 3.IDENTIDAD SOCIAL | ||
| 650 | |a 4.DEMOCRACIA | ||
| 650 | |a 5.NEOLIBERALISMO | ||
| 650 | |a 6.POBREZA | ||
| 650 | |a 7.PODER | ||
| 650 | |a 8.BOLIVIA | ||
| 773 | |g páginas 279-304 | ||
| 999 | |c 26087 |d 26087 | ||
